000 00338nam a22001457a 4500
003 OSt
020 _aNA
040 _c0
082 _222
_a628.21
100 _aGrinnin, John E.
245 _aHydraulics and hydrology for storm water management /
260 _bDelmar Publishers,
_cc1997.
300 _a401p. ;
_bill. ;
942 _2ddc
_cCIVIL
999 _c5325
_d5325